Largest Land Animals In Each Country - Statistics

General Stats
  • This quiz has been taken 123 times
  • The average score is 104 of 273
Answer Stats
Country Average Weight Average Length Answer % Correct
Angola (Tallest) 1192kg 5m Angolan Giraffe
90%
Botswana (Tallest) 1192kg 5m Angolan Giraffe
90%
Namibia (Tallest) 1192kg 5m Angolan Giraffe
90%
Zimbabwe (Tallest) 1192kg 5m Angolan Giraffe
90%
Cameroon (Tallest) 1192kg 5m Kordofan Giraffe
90%
Central African Republic (Tallest) 1192kg 5m Kordofan Giraffe
90%
Chad (Tallest) 1192kg 5m Kordofan Giraffe
90%
Kenya (Tallest) 1192kg 5m Maasai Giraffe
90%
Rwanda (Tallest) 1192kg 5m Maasai Giraffe
90%
Tanzania (Tallest) 1192kg 5m Maasai Giraffe
90%
Ethiopia (Tallest) 1192kg 5m Nubian Giraffe
90%
South Sudan (Tallest) 1192kg 5m Nubian Giraffe
90%
Somalia (Heaviest) (Tallest) 1516kg 5.15m Reticulated Giraffe
90%
Uganda (Tallest) 1192kg 5m Rothschild's Giraffe
90%
Mozambique (Tallest) 1192kg 5m South African Giraffe
90%
Zambia (Tallest) 1192kg 5m Thornicroft's Giraffe
90%
Niger (Tallest) 1192kg 5m West African Giraffe
90%
Denmark (Greenland) 550kg 2.25m Polar Bear
79%
Norway (Heaviest) (Svalbard) 550kg 2.25m Polar Bear
79%
China 3500kg 2.5m Indian Elephant
77%
India (Heaviest) 3500kg 2.5m Indian Elephant
77%
Angola (Longest) 1480kg 3.4m Hippopotamus
76%
Botswana (Longest) 1480kg 3.4m Hippopotamus
76%
Burundi (Heaviest) 1480kg 3.4m Hippopotamus
76%
Cameroon (Longest) 1480kg 3.4m Hippopotamus
76%
Chad (Longest) 1480kg 3.4m Hippopotamus
76%
Colombia (Invasive) 1480kg 3.4m Hippopotamus
76%
eSwatini (Longest) 1480kg 3.4m Hippopotamus
76%
Ethiopia (Longest) 1480kg 3.4m Hippopotamus
76%
Gambia 1480kg 3.4m Hippopotamus
76%
Kenya (Longest) 1480kg 3.4m Hippopotamus
76%
Malawi (Longest) 1480kg 3.4m Hippopotamus
76%
Mali (Longest) 1480kg 3.4m Hippopotamus
76%
Niger (Longest) 1480kg 3.4m Hippopotamus
76%
Nigeria (Longest) 1480kg 3.4m Hippopotamus
76%
Senegal (Longest) 1480kg 3.4m Hippopotamus
76%
Sierra Leone (Longest) 1480kg 3.4m Hippopotamus
76%
Sudan (Heaviest) 1480kg 3.4m Hippopotamus
76%
Togo (Longest) 1480kg 3.4m Hippopotamus
76%
Thailand (Heaviest) 3500kg 2.5m Indian Elephant
76%
Vietnam (Heaviest) 3500kg 2.5m Indian Elephant
76%
Kosovo 190kg 1.65m Eurasian Brown Bear
75%
Tajikistan 250kg 1.85m Himalayan Brown Bear
75%
Italy 217kg 2m Marsican Brown Bear
75%
Syria (Longest) 130kg 1.2m Syrian Brown Bear
75%
Turkey (Heaviest) 130kg 1.2m Syrian Brown Bear
75%
Japan 275kg 2.7m Ussuri Brown Bear
75%
North Korea 275kg 2.7m Ussuri Brown Bear
75%
Albania 190kg 1.65m Eurasian Brown Bear
74%
Austria 190kg 1.65m Eurasian Brown Bear
74%
Bosnia and Herzegovina 190kg 1.65m Eurasian Brown Bear
74%
Bulgaria 190kg 1.65m Eurasian Brown Bear
74%
Croatia 190kg 1.65m Eurasian Brown Bear
74%
Afghanistan 250kg 1.85m Himalayan Brown Bear
74%
Armenia 130kg 1.2m Syrian Brown Bear
73%
Azerbaijan 130kg 1.2m Syrian Brown Bear
73%
Sri Lanka 4000kg 3.2m Sri Lankan Elephant
65%
Indonesia (Heaviest) 3000kg 2.2m~ Sumatran Elephant
65%
Bangladesh (Heaviest) 4000kg 2.5m Asian Elephant
64%
Bhutan 4000kg 2.5m Asian Elephant
64%
Cambodia 4000kg 2.5m Asian Elephant
64%
Laos 4000kg 2.5m Asian Elephant
64%
Malaysia (Heaviest) 4000kg 2.5m Asian Elephant
64%
Myanmar (Heaviest) 4000kg 2.5m Asian Elephant
64%
Estonia 540kg 1.75m Moose
61%
Finland 540kg 1.75m Moose
61%
Latvia 540kg 1.75m Moose
61%
Lithuania 540kg 1.75m Moose
61%
Moldova 540kg 1.75m Moose
61%
Mongolia (Heaviest) 540kg 1.75m Moose
61%
Norway (Heaviest) 540kg 1.75m Moose
61%
Sweden (Heaviest) 540kg 1.75m Moose
61%
Angola (Heaviest) 4700kg 3.2m African Bush Elephant
50%
Botswana (Heaviest) 4700kg 3.2m African Bush Elephant
50%
Cameroon (Heaviest) 4700kg 3.2m African Bush Elephant
50%
Chad (Heaviest) 4700kg 3.2m African Bush Elephant
50%
Democratic Republic of the Congo (Heaviest) 4700kg 3.2m African Bush Elephant
50%
eSwatini (Heaviest) 4700kg 3.2m African Bush Elephant
50%
Ethiopia (Heaviest) 4700kg 3.2m African Bush Elephant
50%
Kenya (Heaviest) 4700kg 3.2m African Bush Elephant
50%
Malawi (Heaviest) 4700kg 3.2m African Bush Elephant
50%
Mali (Heaviest) 4700kg 3.2m African Bush Elephant
50%
Mozambique (Heaviest) 4700kg 3.2m African Bush Elephant
50%
Namibia (Heaviest) 4700kg 3.2m African Bush Elephant
50%
Niger (Heaviest) 4700kg 3.2m African Bush Elephant
50%
Rwanda (Heaviest) 4700kg 3.2m African Bush Elephant
50%
South Africa (Heaviest) 4700kg 3.2m African Bush Elephant
50%
South Sudan (Heaviest) 4700kg 3.2m African Bush Elephant
50%
Tanzania (Heaviest) 4700kg 3.2m African Bush Elephant
50%
Uganda (Heaviest) 4700kg 3.2m African Bush Elephant
50%
Zambia (Heaviest) 4700kg 3.2m African Bush Elephant
50%
Zimbabwe (Heaviest) 4700kg 3.2m African Bush Elephant
50%
Guyana (Heaviest) 95kg 1.5m Jaguar
46%
Djibouti (Longest) 64kg 1.4m African Leopard
42%
Oman (Longest) 30kg 1.93m Arabian Leopard
42%
Yemen (Longest) 30kg 1.93m Arabian Leopard
42%
Turkey (Longest) 60kg 1.58m Persian Leopard
42%
Mexico 675kg 3.4m Plains Bison
40%
Thailand (Longest) 650kg 4.25m Saltwater Crocodile
40%
United States (Heaviest) 721kg 3.4m Wood Bison
40%
New Zealand 340kg 2.28m Rocky Mountain Elk
39%
Australia 650kg 4.25m Saltwater Crocodile
39%
Bangladesh (Longest) 650kg 4.25m Saltwater Crocodile
39%
India (Longest) 650kg 4.25m Saltwater Crocodile
39%
Indonesia (Longest) 650kg 4.25m Saltwater Crocodile
39%
Malaysia (Longest) 650kg 4.25m Saltwater Crocodile
39%
Myanmar (Longest) 650kg 4.25m Saltwater Crocodile
39%
Papua New Guinea 650kg 4.25m Saltwater Crocodile
39%
Philippines 650kg 4.25m Saltwater Crocodile
39%
Singapore 650kg 4.25m Saltwater Crocodile
39%
Solomon Islands 650kg 4.25m Saltwater Crocodile
39%
Canada 721kg 3.4m Wood Bison
39%
Benin 3600kg 3m African Forest Elephant
37%
Burkina Faso 3600kg 3m African Forest Elephant
37%
Central African Republic (Heaviest) 3600kg 3m African Forest Elephant
37%
Republic of the Congo 3600kg 3m African Forest Elephant
37%
Côte d’Ivoire 3600kg 3m African Forest Elephant
37%
Equatorial Guinea 3600kg 3m African Forest Elephant
37%
Gabon (Heaviest) 3600kg 3m African Forest Elephant
37%
Ghana 3600kg 3m African Forest Elephant
37%
Guinea 3600kg 3m African Forest Elephant
37%
Guinea-Bissau 3600kg 3m African Forest Elephant
37%
Liberia 3600kg 3m African Forest Elephant
37%
Nigeria (Heaviest) 3600kg 3m African Forest Elephant
37%
Senegal (Heaviest) 3600kg 3m African Forest Elephant
37%
Sierra Leone (Heaviest) 3600kg 3m African Forest Elephant
37%
Togo (Heaviest) 3600kg 3m African Forest Elephant
37%
Burundi (Longest) 485kg 4.25m Nile Crocodile
37%
Democratic Republic of the Congo (Longest) 485kg 4.25m Nile Crocodile
37%
Egypt 485kg 4.25m Nile Crocodile
37%
Gabon (Longest) 485kg 4.25m Nile Crocodile
37%
Madagascar 485kg 4.25m Nile Crocodile
37%
Mozambique (Longest) 485kg 4.5m Nile Crocodile
37%
Namibia (Longest) 485kg 4.5m Nile Crocodile
37%
Rwanda (Longest) 485kg 4.5m Nile Crocodile
37%
Somalia (Longest) 485kg 4.5m Nile Crocodile
37%
South Africa (Longest) 485kg 4.5m Nile Crocodile
37%
Sudan (Longest) 485kg 4.5m Nile Crocodile
37%
South Sudan (Longest) 485kg 4.5m Nile Crocodile
37%
Tanzania (Longest) 485kg 4.5m Nile Crocodile
37%
Uganda (Longest) 485kg 4.5m Nile Crocodile
37%
Zambia (Longest) 485kg 4.5m Nile Crocodile
37%
Zimbabwe (Longest) 485kg 4.5m Nile Crocodile
37%
Algeria 115kg 2.7m North African Ostrich
36%
Eritrea 115kg 2.7m North African Ostrich
36%
Israel (Tallest) 115kg 2.7m North African Ostrich
36%
Qatar (Tallest) 115kg 2.7m North African Ostrich
36%
Morocco (Heaviest) 95kg 1.15m Barbary Stag
33%
Tunisia (Heaviest) 95kg 1.15m Barbary Stag
33%
Iran (Heaviest) 545kg 2.8m Dromedary
33%
Iraq 545kg 2.8m Dromedary
33%
Kuwait 545kg 2.8m Dromedary
33%
Saudi Arabia 545kg 2.8m Dromedary
33%
Belgium 200kg 2.1m Red Deer
32%
Denmark 200kg 2.1m Red Deer
32%
France 200kg 2.1m Red Deer
32%
Georgia 200kg 2.1m Red Deer
32%
Greece 200kg 2.1m Red Deer
32%
Ireland 200kg 2.1m Red Deer
32%
Lebanon 200kg 2.1m Red Deer
32%
Luxembourg 200kg 2.1m Red Deer
32%
Montenegro 200kg 2.1m Red Deer
32%
Netherlands 200kg 2.1m Red Deer
32%
North Macedonia 200kg 2.1m Red Deer
32%
Portugal 200kg 2.1m Red Deer
32%
Serbia 200kg 2.1m Red Deer
32%
Slovenia 200kg 2.1m Red Deer
32%
Switzerland 200kg 2.1m Red Deer
32%
Belarus 768kg 3m European Bison
29%
Germany 768kg 3m European Bison
29%
Kyrgyzstan 768kg 3m European Bison
29%
Poland 768kg 3m European Bison
29%
Romania 768kg 3m European Bison
29%
Russia 768kg 3m European Bison
29%
Slovakia 768kg 3m European Bison
29%
Spain 768kg 3m European Bison
29%
Ukraine 768kg 3m European Bison
29%
United Kingdom 768kg 3m European Bison
29%
Iceland 110kg 2m Mountain Reindeer
27%
Andorra 87kg 1.5m Central European Boar
23%
Czechia 87kg 1.5m Central European Boar
23%
Liechtenstein 87kg 1.5m Central European Boar
23%
Norway (Longest) 285kg 2.25m Muskox
23%
Sweden (Longest) 285kg 2.25m Muskox
23%
Nepal (Heaviest) 1235kg 3.74m Indian Rhinoceros
19%
Chile 115kg 2.15m Guanaco
18%
Belize 400kg 3.5m American Crocodile
17%
Costa Rica 400kg 3.5m American Crocodile
17%
Dominican Republic 400kg 3.5m American Crocodile
17%
Ecuador 400kg 3.5m American Crocodile
17%
El Salvador 400kg 3.5m American Crocodile
17%
Guatemala 400kg 3.5m American Crocodile
17%
Haiti 400kg 3.5m American Crocodile
17%
Honduras 400kg 3.5m American Crocodile
17%
Jamaica 400kg 3.5m American Crocodile
17%
Nicaragua 400kg 3.5m American Crocodile
17%
Panama 400kg 3.5m American Crocodile
17%
Peru 400kg 3.5m American Crocodile
17%
United States (Longest) 400kg 3.5m American Crocodile
17%
Venezuela 400kg 3.5m American Crocodile
17%
Argentina 225kg 2.25m South American Tapir
17%
Bolivia 225kg 2.25m South American Tapir
17%
Brazil (Heaviest) 225kg 2.25m South American Tapir
17%
Paraguay (Heaviest) 225kg 2.15m South American Tapir
17%
Suriname 225kg 2.15m South American Tapir
17%
Monaco 25kg 1.15m Roe Deer
15%
Taiwan (Longest) 130kg 1.45m Formosan Black Bear
14%
Nepal (Longest) 160kg 4.25m~ Gharial
14%
South Korea 130kg 1.6m Ussuri Black Bear
12%
Jordan (Heaviest) 155kg 1.02m Arabian Oryx
11%
Oman (Heaviest) 155kg 1.02m Arabian Oryx
11%
Qatar (Heaviest) 155kg 1.02m Arabian Oryx
11%
Syria (Heaviest) 155kg 1.02m Arabian Oryx
11%
United Arab Emirates (Heaviest) 155kg 1.02m Arabian Oryx
11%
Antigua and Barbuda 80kg 1.5m European Fallow Deer
11%
Uruguay (Heaviest) 80kg 1.5m European Fallow Deer
11%
Brazil (Longest) 224kg 3.25m Black Caiman
8%
Libya 88kg 1.5m Barbary Sheep
7%
Morocco (Longest) 88kg 1.5m Barbary Sheep
7%
Tunisia (Longest) 88kg 1.5m Barbary Sheep
7%
Cuba 75kg 2.2m Cuban Crocodile
7%
Guyana (Longest) 42kg 2m Giant Anteater
7%
Trinidad and Tobago (Longest) 23.5kg 1.65m Spectacled Caiman
7%
Iran (Longest) 225kg 3.25m Mugger Crocodile
6%
Hungary 300kg 2.1m Przewalski's Horse
6%
Jordan (Longest) 35kg 1.08m Striped Hyena
6%
United Arab Emirates (Longest) 35kg 1.08m Striped Hyena
6%
Mongolia (Longest) 495kg 2.85m Wild Bactrian Camel
6%
Mauritius 250kg 1.22m Aldabra Giant Tortoise
5%
Seychelles 250kg 1.22m Aldabra Giant Tortoise
5%
Kiribati (Heaviest) 2.5kg 40cm Coconut Crab
5%
Cyprus 36kg 1.2m~ Cyprus Mouflon
5%
San Marino 9.5kg 76cm Eurasian Otter
5%
Taiwan (Heaviest) 225kg 1.4m Formosan Sambar
5%
St. Lucia (Heaviest) 4kg 36cm Green Iguana
5%
St. Vincent and the Grenadines 4kg 36cm Green Iguana
5%
Vietnam (Longest) 80kg 2.55m Siamese Crocodile
5%
Israel (Heaviest) 275kg 2m Somali Wild Ass
5%
Lesotho 671kg 2.93m Common Eland
4%
Maldives 1.2kg 26.5cm (1.35m Wingspan) Indian Flying Fox
4%
Yemen (Heaviest) 63.2kg 1.39m Nubian Ibex
4%
Samoa 0.45kg 86cm (Wingspan) Samoa Flying Fox
4%
Kazakhstan 220kg 2.25m Turkmenian Kulan
4%
Turkmenistan 220kg 2.25m Turkmenian Kulan
4%
Uzbekistan 220kg 2.25m Turkmenian Kulan
4%
Mauritania 170kg 2.5m West African Crocodile
4%
Brunei 96kg 1.3m Bornean Bearded Pig
2%
Comoros 1.3kg 55cm Helmeted Guineafowl
2%
Tonga 0.57kg 23.1cm (Wingspan) Insular Flying Fox
2%
Vanuatu 0.57kg 23.1cm (Wingspan) Insular Flying Fox
2%
Pakistan 375kg 1.98m Kiang
2%
Dominica 2kg~ 27.5cm Lesser Antillean Iguana
2%
Kiribati (Longest) 2kg~ 1.15m Mangrove Monitor
2%
Federated States of Micronesia 2kg~ 1.15m Mangrove Monitor
2%
Marshall Islands N/A (up to 2.2kg) 82cm~ Mariana Monitor
2%
Nauru N/A 7.9cm Micronesia Black Skink
2%
Grenada 5kg 52cm Mona Monkey
2%
Malta 0.43kg 22.5cm North African Hedgehog
2%
Tuvalu 6.8g~ 7.15cm Oceania Gecko
2%
Trinidad and Tobago (Heaviest) 36kg 1.25m Red Brocket
2%
St. Lucia (Longest) 3.5kg 56cm Red-Rumped Agouti
2%
Paraguay (Longest) 45kg 2.5m Yacare Caiman
2%
Uruguay (Longest) 45kg 2.5m Yacare Caiman
2%
São Tomé and Príncipe 13kg 75.5cm African Civet
1%
Fiji 3.5kg 53cm Asian Palm Civet
1%
Palau (Longest) 1.2kg 1.76m Bennett's Long-Tailed Monitor
1%
Djibouti (Heaviest) 105kg 1.38m Common Warthog
1%
Palau (Heaviest) 6.5kg 0.53m Crab-Eating Macaque
1%
Barbados 4kg 70cm European Hare
1%
St. Kitts and Nevis 5.95kg 51cm Green Monkey
1%
Timor-Leste 156kg 1.6m Javan Rusa
1%
Bahamas 10kg~ 1m~ Northern Bahamian Rock Iguana
1%
Cabo Verde N/A 11cm Vaillant's Mabuya
1%
No matching quizzes found
Score Distribution
Percent of People with Each Score
Percentile by Number Answered
Your Score History
You have not taken this quiz